[Event "AUT-chT 9596"]
[Site "Vorarlberg"]
[Date "1995.??.??"]
[Round "4"]
[White "Tomaselli, Philipp"]
[Black "Wallis, Anton"]
[Result "1/2-1/2"]
[WhiteElo "1810"]
[BlackElo "1985"]
[PlyCount "70"]
[EventDate "1995.??.??"]
[EventType "team"]
[EventRounds "9"]
[EventCountry "AUT"]
[SourceTitle "EXT 1999"]
[Source "ChessBase"]
[SourceDate "1998.11.16"]
[SourceVersion "1"]
[SourceVersionDate "1998.11.16"]
[SourceQuality "1"]

1. d4 d5 2. c4 e6 3. Nc3 Be7 4. Bf4 Nf6 5. e3 0-0 6. Nf3 a6 7. a3 dxc4 8. Bxc4 b5 9. Ba2 c5 10. d5 exd5 11. Bxd5 Nxd5 12. Nxd5 Bd6 13. Nb6 Qxb6 14. Qxd6 Qa5+ 15. b4 cxb4 16. Qxb4 Qxb4+ 17. axb4 Nc6 18. Bd6 Rd8 19. Bc5 Be6 20. 0-0 Bc4 21. Rfc1 Rd3 22. Nd4 Ne5 23. Nf5 Rb3 24. Nd4 Rb2 25. Nxb5 Bxb5 26. Bd4 Rxb4 27. Bxe5 Rc4 28. Rcb1 Rac8 29. h3 f6 30. Bd4 Kf7 31. Rd1 Rc2 32. e4 Be2 33. Re1 R8c4 34. Ba7 Rxe4 35. Rxa6 Bxa6 1/2-1/2